[Event "HUN-chT2 Erkel 1718"]
[Site "Hungary"]
[Date "2017.12.03"]
[Round "5.9"]
[White "Vamosi, Laszlo"]
[Black "Repasi, Zoltan Jr"]
[Result "0-1"]
[WhiteElo "1729"]
[BlackElo "2072"]
[PlyCount "70"]
[EventDate "2017.09.24"]
[EventType "team-tourn"]
[EventRounds "11"]
[EventCountry "HUN"]
[SourceTitle "EXT 2021"]
[Source "ChessBase"]
[SourceDate "2020.10.23"]
[SourceVersion "1"]
[SourceVersionDate "2020.10.23"]
[SourceQuality "1"]
[WhiteTeam "Andornaktalya"]
[BlackTeam "Szigetszentmiklos"]
[WhiteTeamCountry "HUN"]
[BlackTeamCountry "HUN"]

1. e4 Nf6 2. Nc3 d5 3. exd5 Nxd5 4. Nxd5 Qxd5 5. Qf3 c6 6. Qxd5 cxd5 7. d4 Bf5 8. c3 e6 9. Nf3 Bd6 10. Bb5+ Nc6 11. Ne5 Rc8 12. 0-0 0-0 13. Nxc6 bxc6 14. Be2 c5 15. Be3 c4 16. Rae1 Rc6 17. h4 Rb8 18. Bc1 Be7 19. g4 Be4 20. h5 h6 21. f3 Bc2 22. Bd1 Bd3 23. Be2 Bc2 24. Bd1 Bb1 25. Be2 Bxa2 26. Rd1 Bb1 27. f4 Bc2 28. Rd2 Be4 29. Kf2 f5 30. Kg3 Ra6 31. Bf3 Ra1 32. Bxe4 fxe4 33. Rdd1 Bd6 34. Kf2 a5 35. Ke3 a4 0-1

[Event "HUN-chT2 Maroczy 1415"]
[Site "Hungary"]
[Date "2014.11.16"]
[Round "2"]
[White "Repasi, Zoltan Jr"]
[Black "Gyurkovics, Miklos"]
[Result "1-0"]
[WhiteElo "2141"]
[BlackElo "2171"]
[PlyCount "71"]
[EventDate "2014.10.12"]
[EventType "team-tourn"]
[EventRounds "9"]
[EventCountry "HUN"]
[SourceTitle "EXT 2016"]
[Source "ChessBase"]
[SourceDate "2015.10.08"]
[SourceVersion "1"]
[SourceVersionDate "2015.10.08"]
[SourceQuality "1"]
[WhiteTeam "Dunaharaszti II"]
[BlackTeam "Vasas"]
[WhiteTeamCountry "HUN"]
[BlackTeamCountry "HUN"]

1. d4 d6 2. e4 Nf6 3. Nc3 c6 4. Be2 Qa5 5. Bd2 e5 6. Nf3 Qc7 7. 0-0 Be7 8. a4 Nbd7 9. h3 Nf8 10. Be3 h6 11. Bc4 Be6 12. d5 Bd7 13. Nd2 g5 14. g4 Ng6 15. f3 Nf4 16. h4 gxh4 17. dxc6 bxc6 18. Ne2 Nh3+ 19. Kg2 d5 20. exd5 cxd5 21. Bb5 Ng5 22. Bf2 h3+ 23. Kh1 Rc8 24. Bg3 Bd6 25. c4 Bxb5 26. cxb5 Kd7 27. f4 exf4 28. Bxf4 d4 29. Bxg5 Qb7+ 30. Nf3 hxg5 31. Qxd4 Ne4 32. Ne5+ Ke6 33. Nc6 f5 34. gxf5+ Kd7 35. Qg7+ Ke8 36. Qxb7 1-0

[Event "HUN-chT2 Erkel 1213"]
[Site "Hungary"]
[Date "2013.01.27"]
[Round "6.7"]
[White "Gulyas, Attila"]
[Black "Repasi, Zoltan Jr"]
[Result "1/2-1/2"]
[WhiteElo "2040"]
[BlackElo "2165"]
[PlyCount "34"]
[EventDate "2012.09.16"]
[EventType "team-tourn"]
[EventRounds "11"]
[EventCountry "HUN"]
[SourceTitle "EXT 2014"]
[Source "ChessBase"]
[SourceDate "2013.11.20"]
[SourceVersion "1"]
[SourceVersionDate "2013.11.20"]
[SourceQuality "1"]
[WhiteTeam "Nagykata"]
[BlackTeam "Dunaharaszti"]
[WhiteTeamCountry "HUN"]
[BlackTeamCountry "HUN"]

1. e4 Nf6 2. e5 Nd5 3. d4 d6 4. c4 Nb6 5. exd6 cxd6 6. Be3 g6 7. Nf3 Bg7 8. Be2 0-0 9. 0-0 Nc6 10. Nbd2 e5 11. d5 Ne7 12. a4 a5 13. Qb3 Nd7 14. Ne4 Nf5 15. Bg5 f6 16. Bd2 b6 17. Qc2 Nc5 1/2-1/2

[Event "HUN-chT2 Erkel 1112"]
[Site "Hungary"]
[Date "2012.03.25"]
[Round "8.5"]
[White "Repasi, Zoltan Jr"]
[Black "Radnai, Adam"]
[Result "1/2-1/2"]
[WhiteElo "2188"]
[BlackElo "2202"]
[PlyCount "21"]
[EventDate "2011.09.25"]
[EventType "team-tourn"]
[EventRounds "11"]
[EventCountry "HUN"]
[SourceTitle "EXT 2013"]
[Source "ChessBase"]
[SourceDate "2012.11.22"]
[SourceVersion "1"]
[SourceVersionDate "2012.11.22"]
[SourceQuality "1"]
[WhiteTeam "Dunaharaszti"]
[BlackTeam "Szigetszentmiklos"]
[WhiteTeamCountry "HUN"]
[BlackTeamCountry "HUN"]

1. d4 d5 2. Nf3 e6 3. c4 Nf6 4. Nc3 dxc4 5. e3 c5 6. Bxc4 cxd4 7. Qxd4 Qxd4 8. Nxd4 a6 9. a4 Bb4 10. Bd2 Nbd7 11. Ke2 1/2-1/2

[Event "HUN-chT2 Erkel 1011"]
[Site "Hungary"]
[Date "2011.05.15"]
[Round "11.4"]
[White "Repasi, Zoltan Jr"]
[Black "Kustra, Pal"]
[Result "1-0"]
[WhiteElo "2158"]
[BlackElo "2117"]
[PlyCount "57"]
[EventDate "2010.09.12"]
[EventType "team-tourn"]
[EventRounds "11"]
[EventCountry "HUN"]
[SourceTitle "EXT 2012"]
[Source "ChessBase"]
[SourceDate "2011.11.24"]
[SourceVersion "1"]
[SourceVersionDate "2011.11.24"]
[SourceQuality "1"]
[WhiteTeam "Dunaharaszti II"]
[BlackTeam "Pestszentlorinc"]
[WhiteTeamCountry "HUN"]
[BlackTeamCountry "HUN"]

1. d4 g6 2. c4 Bg7 3. Nc3 Nf6 4. e4 0-0 5. Be2 c5 6. d5 e6 7. Nf3 exd5 8. exd5 d6 9. h3 Bf5 10. 0-0 h6 11. g4 Nxg4 12. hxg4 Bxg4 13. Kg2 Bxf3+ 14. Bxf3 Nd7 15. Be2 g5 16. f4 f5 17. Rh1 g4 18. Bd3 Qf6 19. Ne2 Rae8 20. Ng3 Qg6 21. Qc2 Re7 22. Bxf5 Qe8 23. Be6+ Rxe6 24. dxe6 Qxe6 25. Qd3 Nf6 26. Bd2 d5 27. cxd5 Nxd5 28. Rae1 Qc6 29. Qe4 1-0

[Event "HUN-chT2 Erkel 1011"]
[Site "Hungary"]
[Date "2010.10.10"]
[Round "3.3"]
[White "Toth, Laszlo4444"]
[Black "Repasi, Zoltan Jr"]
[Result "0-1"]
[WhiteElo "2201"]
[BlackElo "2158"]
[PlyCount "96"]
[EventDate "2010.09.12"]
[EventType "team-tourn"]
[EventRounds "11"]
[EventCountry "HUN"]
[SourceTitle "EXT 2012"]
[Source "ChessBase"]
[SourceDate "2011.11.24"]
[SourceVersion "1"]
[SourceVersionDate "2011.11.24"]
[SourceQuality "1"]
[WhiteTeam "Paszto"]
[BlackTeam "Dunaharaszti II"]
[WhiteTeamCountry "HUN"]
[BlackTeamCountry "HUN"]

1. e4 Nf6 2. e5 Nd5 3. Nf3 Nb6 4. Nc3 d6 5. d4 g6 6. Bf4 Bg7 7. exd6 cxd6 8. Bb5+ Bd7 9. Qe2 0-0 10. 0-0 Re8 11. Rad1 Bxb5 12. Qxb5 d5 13. Qd3 Nc6 14. b3 Rc8 15. a3 a6 16. Rfe1 e6 17. Re2 f6 18. Bg3 g5 19. h3 f5 20. Be5 Nxe5 21. Nxe5 Qc7 22. Nb1 Bxe5 23. dxe5 Re7 24. Qg3 Rg7 25. Rd3 Qe7 26. Qe3 Nd7 27. b4 Rc4 28. Rd4 Nb6 29. Rxc4 Nxc4 30. Qd4 g4 31. hxg4 Rxg4 32. f4 Qh4 33. Rf2 Rg6 34. Nc3 Rh6 35. Kf1 Qh1+ 36. Ke2 Qc1 37. Kf3 Qxa3 38. Re2 Rh1 39. Kf2 Qc1 40. Kg3 Qa3 41. Kf2 Qa1 42. Kg3 h5 43. Qd3 Qf1 44. Rf2 Qe1 45. Nxd5 h4+ 46. Kf3 Nd2+ 47. Rxd2 Qg3+ 48. Ke2 Re1# 0-1

[Event "HUN-chT2 Maroczy 0809"]
[Site "Hungary"]
[Date "2009.03.08"]
[Round "9"]
[White "Kobaly, Vladimir"]
[Black "Repasi, Zoltan Jr"]
[Result "0-1"]
[WhiteElo "2183"]
[BlackElo "2141"]
[PlyCount "66"]
[EventDate "2008.10.26"]
[EventType "team-tourn"]
[EventRounds "11"]
[EventCountry "HUN"]
[SourceTitle "EXT 2010"]
[Source "ChessBase"]
[SourceDate "2010.11.25"]
[SourceVersion "1"]
[SourceVersionDate "2010.11.25"]
[SourceQuality "1"]
[WhiteTeam "Munkacs"]
[BlackTeam "Dunaharaszti"]
[WhiteTeamCountry "HUN"]
[BlackTeamCountry "HUN"]

1. e4 Nf6 2. e5 Nd5 3. c4 Nb6 4. c5 Nd5 5. Bc4 e6 6. Nc3 Nf4 7. g3 Ng6 8. d4 b6 9. cxb6 axb6 10. Nf3 d5 11. exd6 Bxd6 12. 0-0 0-0 13. Qe2 Bb7 14. Ng5 Nd7 15. Nge4 Nf6 16. Bg5 Be7 17. Bxf6 gxf6 18. Qe3 f5 19. Nd2 c5 20. Nb3 f4 21. Qd3 Bf6 22. Ne4 Bxd4 23. Nxd4 Qxd4 24. Qxd4 cxd4 25. Nf6+ Kg7 26. Nd7 Rfd8 27. Nxb6 Rab8 28. Rfc1 Bc6 29. Bxe6 Rxb6 30. Bb3 Kf6 31. gxf4 Nxf4 32. f3 Rg8+ 33. Kf2 Rg2+ 0-1

[Event "HUN-chT2 Charousek 0708"]
[Site "Hungary"]
[Date "2007.12.16"]
[Round "5"]
[White "Dobos, Sandor"]
[Black "Repasi, Zoltan Jr"]
[Result "0-1"]
[WhiteElo "1865"]
[BlackElo "2153"]
[PlyCount "100"]
[EventDate "2007.10.14"]
[EventType "team"]
[EventRounds "11"]
[EventCountry "HUN"]
[SourceTitle "EXT 2009"]
[Source "ChessBase"]
[SourceDate "2008.11.26"]
[SourceVersion "1"]
[SourceVersionDate "2008.11.26"]
[SourceQuality "1"]
[WhiteTeam "Vizugy"]
[BlackTeam "Dunaharaszti"]
[WhiteTeamCountry "HUN"]
[BlackTeamCountry "HUN"]

1. d4 c5 2. d5 e5 3. c4 d6 4. Nc3 Be7 5. e4 Bg5 6. Bd3 Nh6 7. Nf3 Bxc1 8. Qxc1 0-0 9. Qd2 Bg4 10. h3 Bxf3 11. gxf3 f5 12. Rg1 f4 13. Qe2 a6 14. Qf1 Qh4 15. Qg2 g6 16. 0-0-0 Nd7 17. Qg5 Qxg5 18. Rxg5 Nf7 19. Rgg1 Kg7 20. a4 Kf6 21. Kc2 Ng5 22. Be2 Nxh3 23. Rg2 Ng5 24. Rh1 Rh8 25. Rb1 a5 26. Nb5 Nf7 27. Rh1 Rag8 28. Nc7 Rc8 29. Nb5 Rcg8 30. Rgh2 h5 31. Nc7 Nf8 32. Rg1 Rh7 33. Nb5 g5 34. Rgh1 Rgh8 35. Kd2 Ke7 36. Rg1 Kd8 37. Bf1 Nd7 38. Bh3 g4 39. Bg2 Nf6 40. Ke2 Kd7 41. Nc3 Ng5 42. Rh4 Rg8 43. Rgh1 Rf7 44. fxg4 hxg4 45. Bf1 Ngxe4 46. Nxe4 Nxe4 47. Rxg4 f3+ 48. Ke3 Rxg4 49. Bh3 Rff4 50. Rg1 Nf6 0-1

[Event "HUN-chT2 Erkel 0607"]
[Site "Hungary"]
[Date "2006.12.17"]
[Round "4"]
[White "Palkovics, Laszlo"]
[Black "Repasi, Zoltan Jr"]
[Result "1/2-1/2"]
[WhiteElo "2012"]
[BlackElo "2221"]
[PlyCount "93"]
[EventDate "2006.11.12"]
[EventType "team"]
[EventRounds "11"]
[EventCountry "HUN"]
[SourceTitle "EXT 2008"]
[Source "ChessBase"]
[SourceDate "2007.11.25"]
[SourceVersion "1"]
[SourceVersionDate "2007.11.25"]
[SourceQuality "1"]
[WhiteTeam "Heesi II"]
[BlackTeam "Dunaharaszti II"]
[WhiteTeamCountry "HUN"]
[BlackTeamCountry "HUN"]

1. e4 c5 2. Nf3 d6 3. d4 cxd4 4. Nxd4 Nf6 5. Nc3 a6 6. f3 e5 7. Nb3 Be6 8. Be3 Be7 9. Qd2 0-0 10. g4 d5 11. exd5 Nxd5 12. Nxd5 Bxd5 13. Bg2 Bh4+ 14. Bf2 Bxb3 15. Qxd8 Bxf2+ 16. Kxf2 Rxd8 17. Rhd1 Rc8 18. cxb3 Rc2+ 19. Ke3 Nc6 20. Rd2 Rxd2 21. Kxd2 Rd8+ 22. Kc2 Kf8 23. Re1 f6 24. h4 Rc8 25. Re4 Nd4+ 26. Kd3 Rc2 27. Rxd4 Rxg2 28. Rd8+ Kf7 29. Rd7+ Kg6 30. Rxb7 Rxb2 31. a4 h5 32. Ke4 Rh2 33. gxh5+ Kxh5 34. Rxg7 Rxh4+ 35. Kf5 Rf4+ 36. Ke6 Rxf3 37. b4 e4 38. Kd5 f5 39. b5 axb5 40. axb5 Rb3 41. Ke5 Rxb5+ 42. Kf4 e3 43. Kxe3 Rb4 44. Kf3 Kh4 45. Rg8 Rg4 46. Rh8+ Kg5 47. Rg8+ 1/2-1/2

[Event "HUN-chT2 Erkel 0506"]
[Site "Hungary"]
[Date "2005.12.04"]
[Round "5"]
[White "Repasi, Zoltan Jr"]
[Black "Jagicza, Istvan"]
[Result "1/2-1/2"]
[WhiteElo "2123"]
[BlackElo "2221"]
[PlyCount "20"]
[EventDate "2005.10.16"]
[EventType "team"]
[EventRounds "11"]
[EventCountry "HUN"]
[SourceTitle "EXT 2009"]
[Source "ChessBase"]
[SourceDate "2008.11.26"]
[SourceVersion "1"]
[SourceVersionDate "2008.11.26"]
[SourceQuality "1"]
[WhiteTeam "Dunaharaszti II"]
[BlackTeam "Fuzesabony"]
[WhiteTeamCountry "HUN"]
[BlackTeamCountry "HUN"]

1. d4 c5 2. d5 d6 3. c4 e5 4. e4 Be7 5. f4 exf4 6. Bxf4 Bg5 7. Bxg5 Qxg5 8. Nc3 a6 9. Nf3 Qe3+ 10. Qe2 Qxe2+ 1/2-1/2